MARC

LEADER 00000nam0a2200000 4500
001 134436
005 20231031135702.0
035 |a (RuTPU)RU\TPU\book\145724 
090 |a 134436 
100 |a 20080329d1978 m y0rusy50 ca 
101 0 |a rus 
102 |a RU 
105 |a a j 001zy 
200 1 |a Основы теории и технологии подготовки сырья к доменной плавке  |e учебник для вузов  |f В. И. Коротич 
210 |a Москва  |c Металлургия  |d 1978 
215 |a 208 с.  |c ил. 
320 |a Список литературы: с. 205. 
320 |a Предметный указатель: с. 206-208. 
610 1 |a доменное производство 
610 1 |a сырье 
610 1 |a плавка 
610 1 |a подготовка 
610 1 |a железные руды 
610 1 |a флюсы 
610 1 |a доменная плавка 
610 1 |a дробление 
610 1 |a измельчение 
610 1 |a обогащение 
610 1 |a обжиг 
610 1 |a окускование 
610 1 |a шихта 
610 1 |a агломераты 
610 1 |a окатыши 
610 1 |a металлизация 
610 1 |a учебники 
675 |a 669.162.1(075.8)  |v 3 
700 1 |a Коротич  |b В. И.  |g Владимир Иванович 
801 1 |a RU  |b 63413507  |c 20080329  |g PSBO 
801 2 |a RU  |b 63413507  |c 20211027  |g PSBO 
942 |c BK